000
00326nam a22001337a 4500
008
190225b xxu||||| |||| 00| 0 eng d
020
_a
013290148
041
_a
eng
080
_2
2nd
_a
338
100
_a
52
101
_a
MNG
245
_a
Ethical Issues in Business. A Philosophical Approach
_c
Donaldson, Th
942
_2
udc
_c
BK
999
_c
54180
_d
54180